Państwa na literę „A” - Statystyki

Ogólne statystyki
  • Ten quiz został rozwiązany 43 razy
  • Średni wynik to 10 z 12
Statystyki odpowiedzi
Kontynent Odpowiedź % Poprawnych
Europa Austria
100%
Europa Andora
95%
Afryka Angola
93%
Ameryka Południowa Argentyna
93%
Oceania Australia
93%
Azja Azerbejdżan
90%
Europa Albania
88%
Azja Afganistan
83%
Afryka Algieria
83%
Azja Armenia
83%
Ameryka Północna Antigua i Barbuda
75%
Azja Arabia Saudyjska
75%
Nie znaleziono quizów pasujących do podanych kryteriów
Rozkład punktacji
Procent ludzi z każdym wynikiem
Percentyl według liczby udzielonych odpowiedzi
Twoja historia wyników
Nie rozwiązałeś tego quizu